Memoria del Consejo de Defensa del Estado 1971 1990

محفوظ في:
التفاصيل البيبلوغرافية
مؤلف مشترك: Consejo de Defensa del Estado
التنسيق: كتاب
اللغة:الإسبانية
منشور في: Santiago, Chile Jurídica Conosur 1995
الموضوعات:
الوسوم: إضافة وسم
لا توجد وسوم, كن أول من يضع وسما على هذه التسجيلة!

MARC

LEADER 00000nam a2200000 a 4500
001 UCU3487
003 CL-VaPUC
005 20220330074236.0
008 960510e19950000CL |||||||||||||||||spa|d
999 |c 247482  |d 247480 
040 |c Pontificia Universidad Católica de Valparaíso 
082 0 4 |a 355.6 CON 1995  |2 21 
110 2 |a Consejo de Defensa del Estado  |9 360437 
245 1 0 |a Memoria del Consejo de Defensa del Estado 1971 1990 
260 0 3 |a Santiago, Chile  |b Jurídica Conosur  |c 1995 
300 |a 609 páginas 
583 |a last modification  |c 20180514 09:31:47  |k Rodrigo Vera 
600 0 7 |a CONSEJO DE DEFENSA DEL ESTADO  |2 CL-VaPUC  |9 355226 
650 7 |a INFORMES ANUALES  |2 CL-VaPUC  |9 351560 
650 0 |a Abandono de familia  |9 336548 
650 0 |a Aduanas  |9 255492 
650 7 |a BIENES FISCALES  |2 CL-VaPUC  |9 360438 
650 7 |a COLEGIOS PROFESIONALES  |2 CL-VaPUC  |9 360439 
650 7 |a EXPROPIACION  |2 CL-VaPUC  |9 360440 
942 |c BK  |2 ddc 
945 |d 19960510 00:00:00  |a mcarcey 
952 |0 0  |1 0  |2 ddc  |4 0  |6 355_600000000000000_CON_1995  |7 0  |8 F  |9 263432  |a BIBDER  |b BIBDER  |d 2019-11-19  |i 3198014  |o 355.6 CON 1995  |p 3198014  |r 2023-01-25  |t 1  |w 2019-11-19  |y BK_F  |k DER